| 000 | 00664pam a2200241 i 4500 | ||
|---|---|---|---|
| 001 | 2739372 | ||
| 003 | OSt | ||
| 005 | 20221019031907.0 | ||
| 008 | 790111s1979 ilu b 001 0 eng | ||
| 010 | _a 78068547 | ||
| 020 |
_a0226702804. _a0226702812 |
||
| 040 |
_aMMU _cMMU _dMMU _beng |
||
| 050 | 0 | 0 |
_aBP161.2 _b.R29 1979 |
| 082 | 0 | 0 | _a297 |
| 100 | 1 |
_aRahman, Fazlur, _d1919-1988. |
|
| 245 | 1 | 0 |
_aIslam / _cFazlur Rahman. |
| 250 | _a2d ed. | ||
| 260 |
_aChicago : _bUniversity of Chicago Press, _c1979. |
||
| 300 |
_aix, 285 p. ; _c24 cm. |
||
| 500 | _aIncludes Bibliography: p. 275-279 and index. | ||
| 650 | 0 | _aIslam. | |
| 942 |
_2lcc _cLOAN LOAN _e2nd ed. |
||
| 999 |
_c26834 _d26834 |
||